000 00468nam a2200205Ia 4500
003 OSt
005 20220924143226.0
006 a|||||r|||| 00| 0
007 ta
008 220923b |||||||| |||| 00| 0 ori d
024 _a307322
037 _cTextual
040 _aARTS
_cARTS
_bORI
041 _2ORI
_aORI
082 _aP1591, K6
245 0 _aPraliva Pon Chaya
260 _c1966
942 _hP1591, K6
_cTEXL
_2CC
999 _c453686
_d453686